| 000 | 01405nam a22002777a 4500 | ||
|---|---|---|---|
| 001 | 00770 | ||
| 003 | DO-SdBPM | ||
| 005 | 20241203102759.0 | ||
| 007 | 00770 | ||
| 008 | 160712b2009 mx || 00| 0 spa d | ||
| 020 | _a9789681913908 | ||
| 040 |
_aDO-SdBPM _bspa _cBPMSU |
||
| 082 | 4 |
_a863.6 _bA454p 2009 _222 |
|
| 100 | 1 | _aL. Alonso, Manuel | |
| 245 | 1 | 4 |
_aLas pelirrojas traen mala suerte / _cManuel L. Alonso |
| 260 |
_aMéxico : _bSantillana Ediciones Generales, _c2005. |
||
| 300 |
_a162 p. ; _c22 cm. |
||
| 490 | 0 |
_aAlfaguara ; _aRoja |
|
| 490 | 1 | _aRoja | |
| 505 | 0 | _aMi nombre no importa página, 9 / Mis padres no eran peores que otros, 14 / ¡Necesitamos pelas! 21 / Dos cosas, una buena y mala, 28 / No han pasado muchos años, 35 / Por la mañana, fuimos paseando, 45 / Salimos de Granada haciendo auto-stop, 55 / Cada paso que dábamos, 64 / Tomando el relevo de las arañas, 70 / Nos fuimos esa misma noche, 84 / De vuelta en Granada, 95 / Nos llevaron a un hotel, 104 / La otra ocupante de la habitación, 115 / Fue una sensación extraña, 122 / Yo no podía apartar la vista de la pistola, 130 / Teniendo en cuenta las circunstancias, 138 / Como escenario para un crimen, 145 / De nuevo estaba solo, 159. | |
| 590 | _aInventariado, 2024/VM | ||
| 650 | 4 | _aNovela juvenil española | |
| 650 | 4 | _aLiteratura española | |
| 910 | _aVMateo V. Control de calidad. BPMSU | ||
| 942 |
_2ddc _cBK |
||
| 999 |
_c10833 _d10833 |
||